000 00919cam a22002411 4500
001 agr52000465
003 DLC
005 20260227111017.0
008 880318s1952 nyua j b 000 0 eng c
010 _aagr52000465
035 _a(OCoLC)17648530
040 _aU.S. Dept. of Agr. Libr.
_cMiDW
_dDLC
042 _apremarc
050 0 0 _aSF427
_b.S7
082 _a636.7
100 1 _aSmith, Wendell F.,
_d1922-
245 1 4 _aThe dog as a city pet;
_ba resource unit for the intermediate and junior high school grades,
_cby Wendell F. Smith and Warren W. McSpadden.
260 _a[New York,
_bAmerican Society for the Prevention of Cruelty to Animals,
_c1952]
300 _a60 p.
_billus.
_c23 cm.
504 _a"Motion picture films on dogs": p. 52-54. "Suggested reference books": p. 55-58.
700 1 _aMcSpadden, Warren Wood,
_ejoint author.
710 2 _aAmerican Society for the Prevention of Cruelty to Animals.
999 _c11470
_d11470